000 00553nam a2200169 a 4500
001 000021976
005 20200930011528.0
008 100915s1976 dr 001 0 spa d
040 _aDO-SdBNP
_bspa
_cBNPHU
082 _axxxx
_bC322d
245 0 0 _aCarta de derechos y deberes económicos de los estados :
_bantecedentes y texto /.
260 _aSanto Domingo :
_bUniversidad Autónoma de Santo Domingo (UASD),
_c1976.
300 _a39 p. ;
_c22 cm.
490 1 _aUASD crítica
_v227
_vno. 2
830 0 _aUASD crítica
_v227
_vno. 2
_936373
049 _aBNPD
999 _c21474
_d21474